Loading...
| Current Events | 2 | 15.00 | 100% | 50% | 0% |
| Fine Arts - Classical Music | 10 | 14.00 | 90% | 40% | 10% |
| Fine Arts - Other | 5 | 12.00 | 100% | 0% | 20% |
| Fine Arts - Painting & Sculpture | 7 | 14.29 | 100% | 43% | 0% |
| Geography | 2 | 20.00 | 100% | 100% | 0% |
| History - American | 9 | 14.44 | 100% | 44% | 0% |
| History - European | 6 | 13.33 | 100% | 33% | 0% |
| History - Other | 9 | 8.89 | 89% | 0% | 0% |
| History - World | 8 | 8.75 | 75% | 13% | 0% |
| Literature - American | 6 | 16.67 | 100% | 50% | 17% |
| Literature - British | 6 | 10.00 | 83% | 17% | 0% |
| Literature - European | 5 | 18.00 | 100% | 80% | 0% |
| Literature - World | 7 | 12.86 | 100% | 29% | 0% |
| Mythology | 4 | 7.50 | 75% | 0% | 0% |
| Other Academic | 3 | 10.00 | 67% | 33% | 0% |
| Philosophy | 6 | 16.67 | 83% | 50% | 33% |
| Religion | 9 | 13.33 | 100% | 22% | 11% |
| Science - Biology | 7 | 14.29 | 100% | 29% | 14% |
| Science - Chemistry | 9 | 13.33 | 100% | 33% | 0% |
| Science - Other | 6 | 8.33 | 67% | 17% | 0% |
| Science - Physics | 9 | 20.00 | 100% | 78% | 22% |
| Social Science | 9 | 16.67 | 78% | 67% | 22% |